000 00770nam a2200253Ia 4500
003 OSt
005 20220923214013.0
006 a|||||r|||| 00| 0
007 ta
008 220922b |||||||| |||| 00| 0 hin d
024 _a166,373
037 _cTextual
040 _aARTS
_cARTS
_bhin
041 _2hin
_ahin
082 _aO152,1J32:g, J8;L2
100 _aशुक्ल, राम चंद्र
245 0 _aगोस्वामी तुलसीदास
246 _aGoswāmī tulasīdāsa
250 _aसंस्क0 11
260 _c1958
650 _aहिन्दी साहित्य
_9156264
942 _hO152,1J32:g, J8;L2
_cTEXL
_2CC
999 _c320852
_d320852